Normal view
MARC view
Entry Geographic Name
001 - CONTROL NUMBER
- control field: 48700
003 - CONTROL NUMBER IDENTIFIER
- control field: ARRUPE
005 - DATE AND TIME OF LATEST TRANSACTION
- control field: 20191114110155.0
008 - FIXED-LENGTH DATA ELEMENTS
- fixed length control field: 191114|| aca||aabn | a|a d
040 ## - CATALOGING SOURCE
- Original cataloging agency: ARRUPE
- Transcribing agency: ARRUPE
151 ## - HEADING--GEOGRAPHIC NAME
- Geographic name: Zimbabwe
- General subdivision: Social conditions
- Form subdivision: Statistics.
670 ## - SOURCE DATA FOUND
- Source citation: Work cat.: (ARRUPE)0: Descriptive child and youth equity atlas :, 2015